000 00709nam a22002175i 4500
001 154709
003 ES-MaACL
005 20250801034203.0
008 990215s1893 fr |||| | fre d
040 _aCCPB | B
_bspa
_cCCPB | B
100 0 _aGoyau, Georges.
_959406
245 1 3 _aLe pape, les catholiques et la question sociale /
_cpar León Grégoire.
260 _aParis :
_bPerrin et C\pie\s,
_c1893.
300 _aVII, 271 p. ;
_c19 cm.
594 _aLeón Grégoire es seud. de Georges Goyau (Enciclopedia Espasa-Calpe)
596 _aMarca tip. en port.
597 _aAntep.
650 7 _aCristianismo
_2embne
_911425
852 _aES-MaACL
_jF-12362
_z-- Enc. hol.
999 _c154709
_d154709